00474nam a22001577a 450000500170000001000150001702000260003203500140005803700090007208200110008124500930009226000360018527000460022130000200026770000290028720250108101235.0 aENG-143201 c1800.00a978819580541 aEN-126733 bDBAD a924.04 aPhanigiri: interpreting an ancient Buddhist site in Telangana/cEdited By Naman P. Ahuja aMumbaibRizio B. Yohannanc2021 a3rd Floor, 148, M.G Road bMumbaie400001 a228p.c28cm(pb) aAhuja, Naman P. eEditor